Bridge across the century / Edwin W. Kilbourne (Registro nro. 43548)
[ vista simple ]
| 000 -LÍDER | |
|---|---|
| Campo fijo de descripción fija | 005260000a22001810004500 |
| 001 - NÚMERO DE CONTROL | |
| Campo de control | 14701 |
| 020 ## - NÚMERO INTERNACIONAL NORMALIZADO PARA LIBROS | |
| Número Internacional Normalizado del libro | 1-880338-30-0 |
| 041 0# - CÓDIGO DE IDIOMA | |
| Código de idioma para texto/pista de sonido o título separado | |
| 082 04 - NÚMERO DE CLASIFICACIÓN DECIMAL DEWEY | |
| Número de clasificación | G 266.023 K481b |
| 100 1# - ASIENTO PRINCIPAL--NOMBRE PERSONAL | |
| Nombre personal | Kilbourne, Edwin W. |
| 245 10 - TÍTULO | |
| Título del Material | Bridge across the century / Edwin W. Kilbourne |
| 260 ## - PUBLICACIÓN, DISTRIBUCIÓN, ETC. (PIE DE IMPRENTA) | |
| Lugar de publicación, distribución, etc. | Greenwood : Oriental Missionary Society |
| 336 ## - CONTENT TYPE | |
| Content type term | texto |
| Content type code | txt |
| Source | rdacontent |
| 337 ## - MEDIA TYPE | |
| Source | rdamedia |
| Media type term | sin mediación |
| Media type code | n |
| 338 ## - CARRIER TYPE | |
| Source | rdacarrier |
| Carrier type term | volumen |
| Carrier type code | nc |
| 505 00 - NOTA DE CONTENIDO | |
| Nota de contenido con formato preestablecido | Vol. 1. Japan - Korea - China Vol. 2. Taiwan - Hong Kong |
| 942 ## - TIPO DE MATERIAL (KOHA) | |
| Tipo de Item KOHA | Libros General |
| Estado de Material | Estado de Perdido | Volumen-Parte/Tomo | Estado de Dañado | No para Préstamo | Colección | Tomo | Biblioteca de Origen | Biblioteca Permanente | Fecha de Adquisición | Total de Préstamos | Signatura Topográfica | Código de Barras | Última vez visto | Ejemplar/Existencia | Fecha de Remplazo | Tipo de Material |
|---|---|---|---|---|---|---|---|---|---|---|---|---|---|---|---|---|
| 2 | Colección General | Biblioteca FUSBC | Biblioteca FUSBC | 01/11/2007 | G 266.023 K481b | 16707 | 12/12/2019 | 2016-12-02 | 26/01/2016 | Libros General | ||||||
| 1 | Colección General | Biblioteca FUSBC | Biblioteca FUSBC | 29/10/2007 | G 266.023 K481b | 16708 | 12/12/2019 | 2016-12-02 | 26/01/2016 | Libros General |
